000 00297nam a2200121Ia 4500
005 20251222154404.0
008 251222s9999||||xx |||||||||||||| ||spa||
020 _a84-345-7358-X
082 _a362.5/S17
100 _a"Salvat, Manuel"
245 0 _aLa pobreza de las grandes ciudades
942 _cLIB
999 _c35390
_d35390